Crónica del desamor
Αποθηκεύτηκε σε:
| Κύριος συγγραφέας: | |
|---|---|
| Μορφή: | Βιβλίο |
| Γλώσσα: | Ισπανικά |
| Έκδοση: |
Madrid
Debate
1990
|
| Έκδοση: | 19a. ed |
| Σειρά: | Colección literatura
|
| Θέματα: | |
| Ετικέτες: |
Προσθήκη ετικέτας
Δεν υπάρχουν, Καταχωρήστε ετικέτα πρώτοι!
|
MARC
| LEADER | 00000nam a2200000 a 4500 | ||
|---|---|---|---|
| 001 | UCX8075 | ||
| 003 | CL-VaPUC | ||
| 008 | 940121e19900000SP |||||||||||||||||spa|d | ||
| 082 | 0 | 4 | |a 863 |b MON |2 21 |
| 100 | |a Montero, Rosa |e autora |9 431317 | ||
| 245 | 1 | 0 | |a Crónica del desamor |
| 250 | |a 19a. ed | ||
| 300 | |a 273 p | ||
| 942 | |c BK | ||
| 945 | |d 19940121 00:00:00 |a rbrito | ||
| 260 | |a Madrid |b Debate |c 1990 | ||
| 650 | 0 | |a Novelas españolas |9 265052 | |
| 583 | |a last modification |c 19940121 00:00:00 |k Rodrigo Vera | ||
| 490 | 0 | |a Colección literatura | |
| 999 | |c 227697 |d 227695 | ||
| 952 | |0 0 |1 0 |4 0 |6 863_000000000000000_MON_1990 |7 0 |8 R |9 226873 |a BIBEDU |b BIBEDU |c MCIRC |d 2019-11-15 |i 2958937 |o 863 MON 1990 |p 2958937 |r 2023-01-13 |w 2019-11-15 |y BK_R |k LIT | ||